قر آ نيا ت ميں خو ا تين کے تحقيقی مقا لا ت (Record no. 165753)

MARC details
000 -LEADER
fixed length control field 00746nam a22001937a 4500
005 - DATE AND TIME OF LATEST TRANSACTION
control field 20190628165010.0
010 ## - LCCN (DPL NO)
LC control number UR-10271
020 ## - INTERNATIONAL STANDARD BOOK NUMBER
Terms of availability 120.00
International Standard Book Number 9789384255428
035 ## - SYSTEM CONTROL NUMBER
System control number U-8826
037 ## - SOURCE OF ACQUISITION
Source of stock number/acquisition DBAD/PUB
082 ## - DEWEY DECIMAL CLASSIFICATION NUMBER
Classification number 808.88
100 ## - MAIN ENTRY--PERSONAL NAME
Personal name ند يم سحر عنبر ين
245 ## - TITLE STATEMENT
Title قر آ نيا ت ميں خو ا تين کے تحقيقی مقا لا ت
Statement of responsibility, etc ند يم سحر عنبر ين
246 ## - VARYING FORM OF TITLE
Remainder of title Quraniyat mein Khawateen ke Tahqeeqi Maqalat (Urdu)
Title proper/short title by Nadeem Sahar Ambareen
260 ## - PUBLICATION, DISTRIBUTION, ETC. (IMPRINT)
Place of publication, distribution, etc Delhi
Name of publisher, distributor, etc Educational Publishing House
Date of publication, distribution, etc 2018 ء
270 ## - ADDRESS
Address 3191،Vakil Street,Kucha Pandit,Lal Kuan,
City Delhi
Postal code 110006
Telephone number 23216162
Fax number 00911123211540
300 ## - PHYSICAL DESCRIPTION
Extent 112ص
Dimensions 22 Cm(Hb)
942 ## - ADDED ENTRY ELEMENTS (KOHA)
Source of classification or shelving scheme Dewey Decimal Classification
Item type Urdu Bks
Classification part 808.88
Call number suffix ن د ی
Holdings
Withdrawn status Lost status Not for loan Collection code Home library Current library Date acquired Source of acquisition Cost, normal purchase price Full call number Barcode Copy number Cost, replacement price Koha item type
    Not For Loan Non-fiction D.B.Act.Division D.B.Act.Division 28/06/2019 DBAD/PUB 120.00 808.88 ن د ی U-8826 1 120.00 Urdu Bks

© Delhi Public Library
Hit Counter
free hit counter